| 000 | 00523nam a22001817a 4500 | ||
|---|---|---|---|
| 999 |
_c8923 _d8923 |
||
| 008 | 210305b ||||| |||| 00| 0 eng d | ||
| 040 | _aBMS College of Architecture | ||
| 100 | _aBhaskar, Akshaya | ||
| 245 | _aFashion tech park | ||
| 300 | _aNA | ||
| 500 | _a1BM08AT003 | ||
| 502 |
_8B.Arch _NBMS College of Architecture, Visvesvaraya Technological University (VTU) _aProject Report _d2013 |
||
| 650 | _aPark | ||
| 650 | _aFashion | ||
| 700 |
_aVasrrm A S _eGuide |
||
| 700 |
_aSathish S Rao _eGuide |
||
| 942 |
_2ddc _cTHE |
||